| 000 | 00665nam a2200217 u 4500 | ||
|---|---|---|---|
| 005 | 20240229063556.0 | ||
| 008 | 160608s2011 ag r 000 0 spa d | ||
| 020 | _a9789507869501 | ||
| 035 | _aUPN01000211244 | ||
| 049 | _aI | ||
| 050 | 4 |
_aPZ74.9 _bS9.2 |
|
| 100 | 1 |
_aSuárez, Valeria _939592 |
|
| 245 | 1 | 4 |
_aLas aventuras de Peluca y Curita en ¡alto! ¡arlequines a la vista! / _cValeria Suárez. |
| 260 |
_aBuenos Aires : _bBiblos, _c2011. |
||
| 300 |
_a32 p. : _bil. col. |
||
| 440 | 0 | _aPrimeras lecturas | |
| 650 | 4 |
_aLiteratura infantil argentina _97511 |
|
| 650 | 7 |
_aLibros ilustrados para niños _2 _921365 |
|
| 905 | _aInfantil | ||
| 999 |
_c183345 _d183345 |
||